Medzi ideálom a ničotou

Podrobná bibliografia
Hlavný autor: Bátorová, Mária, 1950- (Autor)
Médium: Kniha
Jazyk:slovenčina
PhysicalDescription:599 s. fotogr. 24 cm
Vydavateľské údaje: Bratislava Vydavateľstvo Spolku slovenských spisovateľov 2014
ISBN:9788080618087
Vydanie:1. vyd.
Predmet:

MARC

LEADER 00000cam a2200000 a 4500
001 vtls010645915
003 SK-MaSNL
005 20260302014538.0
008 240318s2014 xo o f n 001 1dslo
015 |a SNBA2015/02 
020 |a 9788080618087  |q (viaz.) 
035 |a 66DBC3C1-FB8A-42C0-ACC8-87C1D7E34781 
035 |a urn:nbn:sk:snk-amjppb 
035 |a urn:nbn:sk:snk-am0013s6 
040 |a SNK  |b slo  |c SNK  |e AACR2 
041 0 |a slo 
044 |a xo  |c SK 
072 7 |a 821-1/-8  |x Literatúra rôznych foriem a žánrov  |2 konspekt 
072 7 |a 821.162.4.09  |x Slovenská literatúra (o nej)  |2 konspekt 
080 |a 82.0  |2 2001 
080 |a 070.4  |2 2001 
080 |a (0:82-4)  |2 2001 
080 |a 821.162.4  |2 2001 
080 |a 821.162.4-051  |2 2001 
080 |a 316.4  |2 2001 
080 |a (048.8)  |2 2001 
100 1 |a Bátorová, Mária,  |d 1950-  |4 aut  |9 102337 
245 1 0 |a Medzi ideálom a ničotou  |c Mária Bátorová 
250 |a 1. vyd. 
260 |a Bratislava  |b Vydavateľstvo Spolku slovenských spisovateľov  |c 2014 
300 |a 599 s.  |b fotogr.  |c 24 cm 
504 |a Bibliogr. odkazy.; reg. ; pozn. 
650 0 7 |a literárna veda  |2 SNKPH  |9 1137 
650 0 7 |a Literary studies  |2 SNKPHeng  |9 265625 
650 0 7 |a publicistika  |2 SNKPH  |9 19168 
650 0 7 |a Publicistic  |2 SNKPHeng  |9 333756 
650 0 7 |a slovenskí spisovatelia  |2 SNKPH  |9 1258 
650 0 7 |a Slovak authors  |2 SNKPHeng  |9 268018 
650 0 7 |a slovenská literatúra  |2 SNKPH  |9 1115 
650 0 7 |a názory a postoje  |2 SNKPH  |9 4303 
650 0 7 |a Slovak literature  |2 SNKPHeng  |9 265073 
650 0 7 |a Views and attitudes  |2 SNKPHeng  |9 306968 
655 7 |a úvahy  |2 SNKPH  |9 29403 
655 7 |a štúdie  |2 SNKPH  |9 57033 
655 7 |a Studies  |2 SNKPHeng  |9 265573 
655 7 |a Essays  |2 SNKPHeng  |9 267540 
919 |a 978-80-8061-808-7 
958 |a TL 
958 |a NB 
958 |a LX 
958 |a BX 
999 |c 1017313  |d 1019243 
952 |a SNK  |b SNK  |y PREZ  |7 0  |p 17A1135205  |o snkSC 162624  |i snk2015/1842  |8 0  |0 0  |1 0  |4 0  |d 2015-01-21  |f 1  |l 0  |r 2025-08-26 00:00:00  |w 2026-02-24 
952 |a SNK  |b SNK  |y VYP  |7 0  |p 17A1135204  |o snkSC 162624 D1  |i snk2015/1843  |8 0  |0 0  |1 0  |4 0  |d 2015-01-21  |l 0  |r 2026-02-24 13:13:13  |w 2026-02-24 
952 |a SNKLM  |b SNKLM  |y NEVYP  |7 0  |p 17A1125654  |o snkSC 162624 D2  |i snk2017/23595  |8 3  |g 12.15  |3 Vrátené z príručnej knižnice  |0 0  |1 0  |4 0  |d 2017-10-26  |l 0  |r 2026-02-24 13:13:13  |w 2026-02-24